000 01572nam a2200277 a 4500
003 AM-YEHGA
005 20250618070834.0
008 990120s1934 ai |||||||||||||||||arm d
040 _aAM-YeHGA
041 1 _aarm
100 1 _aԴոստոևսկի, Ֆյոդոր Միխայլովիչ
_d1821-1881
_96696
245 1 0 _aՅերկերի ժողովածու /
_cՖ. Դոստոևսկի ; Պատ. խմբ.՝ Յե. Չարենց ; Թարգմ.՝ Ալ. Շիրվանզադե, Նար-Դոս, Պ. Մակինցյան ; Առաջաբ.՝ Սուրխաթյան.
260 _aԵրևան ;
_aՄոսկվա :
_bՀայպետհրատ ,
_c1934.
300 _aհատոր
500 _aԱռաջաբ., էջ՝ 7-48; Ծանոթագրություններ, էջ՝ 470
505 1 0 _gՀ. 1 (1934, 470 էջ) :
_tԽեղճ մարդիկ ; Սպիտակ գիշերներ ; Գեշ անեկդոտ ; Խաղամոլը
650 1 4 _aՌուս գրականություն
_xԵրկերի ժողովածու
700 1 _aՉարենց, Եղիշե Աբգարի,
_d1897-1937
_eխմբ.
_4edt
_91327
700 1 _aՇիրվանզադե, Ալեքսանդր Մինասի,
_d1858-1935
_eթարգմ.
_4trl
_91334
700 1 _aՆար-Դոս,
_d1867-1933
_eթարգմ.
_4trl
_91453
700 1 _aՄակինցյան, Պողոս Մկրտչի,
_d1884-1938
_eթարգմ.
_4trl
700 1 _aՍուրխաթյան, Հարություն Մանուկի,
_d1882-1938
_eառաջաբան
_4aui
_92104
856 4 _uhttps://arar.sci.am/dlibra/publication/292081/edition/268193/content
_yԿարդալ առցանց, Հ. 1
942 _2udc
_cBK
090 _c8619
999 _c8559
_d8559